Estat d'execució del pressupost corrent i tancat de la Corporació : 30 de juny de 2004 30 de juny de 2004
Publicado:
Barcelona :
la Diputació. Àrea de Govern Local. Internvenció General. Servei Comptable ,
2004
Descripción Física:
[96] f. ; 30 cm
MARC
| LEADER | 00000nam a2200000Ia 4500 | ||
|---|---|---|---|
| 001 | 22850 | ||
| 008 | 160829s2004 xx 000 0 cat d | ||
| 080 | |a Pressupostos | ||
| 110 | 1 | |a Barcelona (Catalunya : Província). |b Diputació |9 52408 | |
| 245 | |a Estat d'execució del pressupost corrent i tancat de la Corporació : |b 30 de juny de 2004 | ||
| 260 | |a Barcelona : |b la Diputació. Àrea de Govern Local. Internvenció General. Servei Comptable, |c 2004 | ||
| 300 | |a [96] f. ; |c 30 cm | ||
| 610 | 1 | 0 | |a Barcelona (Catalunya : Província). |b Diputació |x Assignacions pressupostàries i despeses |9 53789 |
| 650 | |a Finances públiques |x Barcelona (Província) |9 36756 | ||
| 710 | |a Barcelona (Catalunya : Província). |b Intervenció General |9 53816 | ||
| 901 | |a Arxiu | ||
| 942 | |n 1 | ||
| 952 | |0 0 |1 0 |4 0 |6 PRESSUPOSTOS |7 1 |9 52873 |a Arxiu |b Arxiu |d 2016-12-01 |l 0 |o Pressupostos |p 22850 |r 2016-12-01 00:00:00 |w 2016-12-01 |y ARXIU | ||
| 999 | |c 56722 |d 56722 | ||